[Event "XXXIV C.to Italiano femminile"]
[Site "Fiuggi ITA"]
[Date "2007.07.25"]
[Round "8"]
[White "Brunello, Roberta"]
[Black "Messina, Roberta"]
[Result "1-0"]
[WhiteElo "1953"]
[BlackElo "1859"]
[PlyCount "71"]
[EventDate "2007.07.18"]

1. e4 c5 2. Nf3 d6 3. d4 cxd4 4. Nxd4 Nf6 5. Nc3 a6 6. Be3 e6 7. f3 b5 8. Qd2
Bb7 9. g4 Nfd7 10. O-O-O Nb6 11. Nb3 Nc4 12. Bxc4 bxc4 13. Nc5 Bc6 14. Bf4 d5
15. exd5 Bxc5 16. dxc6 Qxd2+ 17. Rxd2 Nxc6 18. Ne4 Be7 19. Nd6+ Bxd6 20. Bxd6
O-O-O 21. Re1 Rd7 22. Be5 Rxd2 23. Kxd2 f6 24. Bg3 e5 25. Kc3 Nd4 26. f4 Rd8
27. fxe5 fxe5 28. Rxe5 Nb5+ 29. Kb4 Nd4 30. Rc5+ Kb7 31. Rxc4 Rd5 32. Rc7+ Kb6
33. Kc4 Rg5 34. Kxd4 Rxg4+ 35. Kd5 Rxg3 36. Rc6+ 1-0

[Event "XXXIV C.to Italiano femminile"]
[Site "Fiuggi ITA"]
[Date "2007.07.25"]
[Round "8"]
[White "Di Cerbo, Giulia"]
[Black "Palmitessa, Irene"]
[Result "1-0"]
[WhiteElo "1863"]
[BlackElo "1655"]
[PlyCount "103"]
[EventDate "2007.07.18"]

1. d4 d5 2. Nf3 c5 3. e3 Nf6 4. c3 Qb6 5. Bd3 Nc6 6. Nbd2 Bg4 7. Qc2 e6 8. O-O
c4 9. Be2 Bf5 10. Qd1 h6 11. Qa4 a6 12. Ne1 Qc7 13. Qd1 b5 14. a3 Bd6 15. h3
O-O 16. Ndf3 a5 17. b3 Rfb8 18. Nd2 Rb7 19. g4 Bh7 20. f4 Ne4 21. Nxe4 Bxe4 22.
Rf2 Rc8 23. Bf1 Ne7 24. Bb2 Qd7 25. Nf3 f6 26. Nd2 Bh7 27. Bg2 Bd3 28. e4 g5
29. e5 fxe5 30. fxe5 Bb8 31. Bf1 Bg6 32. Qf3 Kh7 33. Be2 Ng8 34. Raf1 Ba7 35.
Qg3 Rbb8 36. b4 a4 37. h4 gxh4 38. Qxh4 Kg7 39. Bc1 Rf8 40. Nf3 Qd8 41. g5 h5
42. Ne1 Rxf2 43. Rxf2 Qe8 44. Rh2 Ne7 45. Ng2 Qf7 46. Nf4 Rh8 47. Bxh5 Bxh5 48.
Nxh5+ Kf8 49. Qg4 Nf5 50. g6 Qg8 51. Rf2 Ke7 52. Qg5+ 1-0

[Event "XXXIV C.to Italiano femminile"]
[Site "Fiuggi ITA"]
[Date "2007.07.25"]
[Round "8"]
[White "Ravazzolo, Gaia"]
[Black "Arnetta, Marianna"]
[Result "0-1"]
[WhiteElo "1437"]
[BlackElo "2032"]
[PlyCount "46"]
[EventDate "2007.07.18"]

1. e4 g6 2. d4 Bg7 3. Nf3 d6 4. Bf4 c5 5. c3 cxd4 6. cxd4 Qb6 7. b3 Bg4 8. e5
Bxf3 9. gxf3 dxe5 10. Bxe5 Bxe5 11. dxe5 Qa5+ 12. Nd2 Qxe5+ 13. Be2 Nf6 14. Nc4
Qc3+ 15. Nd2 Nc6 16. Rc1 Qa5 17. a4 O-O 18. Bb5 Nd4 19. Bd3 Rfd8 20. Rg1 Qe5+
21. Kf1 Qxh2 22. Ne4 Qh3+ 23. Rg2 Nxf3 0-1

[Event "XXXIV C.to Italiano femminile"]
[Site "Fiuggi ITA"]
[Date "2007.07.25"]
[Round "8"]
[White "Tonel, Giulia"]
[Black "De Rosa, Mariagrazia"]
[Result "0-1"]
[WhiteElo "1934"]
[BlackElo "2085"]
[PlyCount "78"]
[EventDate "2007.07.18"]

1. e4 c5 2. Nf3 a6 3. c3 d6 4. d3 Nc6 5. Nbd2 g6 6. Qe2 Bg7 7. g3 b5 8. a3 Rb8
9. Bg2 e6 10. O-O Nge7 11. Rd1 a5 12. Nf1 b4 13. axb4 axb4 14. Qc2 O-O 15. d4
cxd4 16. cxd4 Qb6 17. Be3 d5 18. Ne5 Rd8 19. exd5 exd5 20. h3 Bf5 21. Qd2 Na5
22. Qe2 Rbc8 23. g4 Bc2 24. Re1 Bb3 25. g5 Rc2 26. Qf3 Nf5 27. Ng3 Qe6 28. Rxa5
Nh4 29. Qf4 Nxg2 30. Kxg2 Bxe5 31. dxe5 d4 32. Bxd4 Rc4 33. Ne2 Bc2 34. Qf3 Bf5
35. Nf4 Qe7 36. Nd5 Qxg5+ 37. Qg3 Qxg3+ 38. fxg3 Rxd4 39. Nxb4 Rxb4 0-1

[Event "XXXIV C.to Italiano femminile"]
[Site "Fiuggi ITA"]
[Date "2007.07.26"]
[Round "9"]
[White "Arnetta, Marianna"]
[Black "Brunello, Marina"]
[Result "1/2-1/2"]
[WhiteElo "2032"]
[BlackElo "1947"]
[PlyCount "99"]
[EventDate "2007.07.18"]

1. e4 e5 2. Nc3 Nc6 3. Bc4 Bc5 4. d3 d6 5. Na4 Bb6 6. Nxb6 axb6 7. c3 Na5 8.
Bb5+ Bd7 9. Bxd7+ Qxd7 10. f4 exf4 11. Bxf4 Ne7 12. Nf3 Ng6 13. Bg3 O-O 14. O-O
Nc6 15. d4 Rae8 16. Qd3 f5 17. Qc4+ Kh8 18. exf5 Rxf5 19. Rae1 Ref8 20. Qe6
Qxe6 21. Rxe6 Nf4 22. Bxf4 Rxf4 23. Rfe1 h6 24. d5 Na5 25. Re7 R4f7 26. b3 Kg8
27. Nd4 Kh8 28. Nb5 c6 29. Nxd6 Rxe7 30. Rxe7 cxd5 31. Nxb7 Nxb7 32. Rxb7 Rf6
33. Rc7 Kh7 34. a4 Kg8 35. Rd7 Rc6 36. Rxd5 Rxc3 37. Rb5 Rc6 38. b4 Kf7 39. Kf2
Re6 40. a5 bxa5 41. bxa5 Re4 42. Rb8 Ra4 43. Ra8 Ra3 44. g3 Ra2+ 45. Kg1 Kg6
46. a6 Kf5 47. Ra7 g5 48. Rf7+ Kg4 49. Rf2 Rxa6 50. Kg2 1/2-1/2

[Event "XXXIV C.to Italiano femminile"]
[Site "Fiuggi ITA"]
[Date "2007.07.26"]
[Round "9"]
[White "Chierici, Marianna"]
[Black "Brunello, Roberta"]
[Result "1-0"]
[WhiteElo "2004"]
[BlackElo "1953"]
[PlyCount "85"]
[EventDate "2007.07.18"]

1. e4 e5 2. Nf3 Nc6 3. Bc4 Bc5 4. c3 Nf6 5. d3 O-O 6. b4 Be7 7. Qb3 h6 8. Nbd2
a5 9. b5 a4 10. Qc2 Na5 11. O-O Nxc4 12. Nxc4 d6 13. Ba3 Nh5 14. Rab1 Nf4 15.
Ne3 Qe8 16. d4 f5 17. dxe5 fxe4 18. Qxe4 dxe5 19. Bxe7 Qxe7 20. Nd5 Qf7 21.
Rbd1 Bf5 22. Qxe5 Nxd5 23. Qxd5 Qxd5 24. Rxd5 Be6 25. Rd2 Bc4 26. Rb1 a3 27.
Rb4 Bf7 28. Ne5 Rad8 29. Rbd4 Rxd4 30. cxd4 Bd5 31. f3 Ra8 32. Nd7 Ra4 33. b6
c6 34. Re2 Kf7 35. Ne5+ Kg8 36. Nd7 Rxd4 37. Re8+ Kf7 38. Rb8 Bxa2 39. Rxb7 Bd5
40. Ra7 c5 41. Nxc5+ Kg6 42. Rxa3 Rb4 43. Rd3 1-0

[Event "XXXIV C.to Italiano femminile"]
[Site "Fiuggi ITA"]
[Date "2007.07.26"]
[Round "9"]
[White "Di Cerbo, Giulia"]
[Black "Panella, Fiammetta"]
[Result "0-1"]
[WhiteElo "1863"]
[BlackElo "1968"]
[PlyCount "60"]
[EventDate "2007.07.18"]

1. d4 d5 2. Nf3 Nf6 3. Bf4 g6 4. e3 Bg7 5. Be2 Nh5 6. Bg3 Nxg3 7. hxg3 Nd7 8.
c3 O-O 9. Nbd2 c5 10. Qc2 Re8 11. O-O-O Qa5 12. Nb3 Qxa2 13. dxc5 Nf6 14. Nbd4
Ne4 15. Bb5 Rd8 16. Nb3 a5 17. Rhf1 a4 18. Nbd4 Nxc5 19. Qb1 Qxb1+ 20. Kxb1 e5
21. Nc2 Bf5 22. Nfe1 a3 23. bxa3 Rxa3 24. Kb2 Rb3+ 25. Kc1 Rxb5 26. Nb4 Na6 27.
Nxa6 Rb1+ 28. Kd2 Rxd1+ 29. Kxd1 bxa6 30. Kd2 Rb8 0-1

[Event "XXXIV C.to Italiano femminile"]
[Site "Fiuggi ITA"]
[Date "2007.07.26"]
[Round "9"]
[White "Palmitessa, Irene"]
[Black "Messina, Roberta"]
[Result "0-1"]
[WhiteElo "1655"]
[BlackElo "1859"]
[PlyCount "96"]
[EventDate "2007.07.18"]

1. e4 c5 2. Nf3 d6 3. d4 cxd4 4. Nxd4 Nf6 5. Nc3 a6 6. Be2 e6 7. O-O Be7 8. f4
Qc7 9. Kh1 O-O 10. a4 Nc6 11. Bf3 Nxd4 12. Qxd4 e5 13. Qd3 b6 14. Nd5 Nxd5 15.
exd5 Rb8 16. c4 f5 17. fxe5 dxe5 18. Be2 e4 19. Qc2 Bd6 20. g3 Bxg3 21. hxg3
Qxg3 22. Bf4 Qh4+ 23. Kg1 Rf6 24. Bh2 Rg6+ 25. Kh1 Rh6 26. Bd1 f4 27. Qf2 Qh3
28. Rg1 f3 29. Qg3 Rb7 30. Qxh3 Bxh3 31. Rg3 Rf7 32. b4 f2 33. Be2 f1=Q+ 34.
Bxf1 Bxf1 35. Kg1 Bxc4 36. Rd1 Rhf6 37. Re3 Bd3 38. Rc1 Rd7 39. d6 Rg6+ 40. Kh1
Kf7 41. Rc7 Ke6 42. Re1 Rxd6 43. Bxd6 Kxd6 44. Rec1 Ke5 45. Re7+ Kf4 46. Rcc7
e3 47. Rc3 Be4+ 48. Kh2 Rh6+ 0-1

[Event "XXXIV C.to Italiano femminile"]
[Site "Fiuggi ITA"]
[Date "2007.07.26"]
[Round "9"]
[White "Ravazzolo, Gaia"]
[Black "De Rosa, Mariagrazia"]
[Result "0-1"]
[WhiteElo "1437"]
[BlackElo "2085"]
[PlyCount "38"]
[EventDate "2007.07.18"]

1. Nf3 c5 2. g3 Nf6 3. Bg2 d5 4. O-O Nc6 5. d3 e6 6. Nbd2 Be7 7. e3 Qc7 8. b3
b6 9. Bb2 Ba6 10. c4 O-O 11. Re1 Rad8 12. d4 Ne4 13. Nxe4 dxe4 14. Nd2 f5 15.
f3 cxd4 16. exd4 Nxd4 17. Bxd4 Rxd4 18. fxe4 Rfd8 19. Re2 Bb4 0-1

[Event "VI Open A"]
[Site "Bergamo ITA"]
[Date "2007.07.20"]
[Round "1"]
[White "Amato, Giampiero"]
[Black "Martinez, Rolly"]
[Result "0-1"]
[WhiteElo "1986"]
[BlackElo "2428"]
[PlyCount "82"]
[EventDate "2007.07.20"]

1. e4 c5 2. Nf3 Nc6 3. d4 cxd4 4. Nxd4 Nf6 5. Nc3 e6 6. Ndb5 d6 7. Bf4 e5 8.
Bg5 a6 9. Na3 Be6 10. Nc4 Rc8 11. Ne3 Be7 12. Bxf6 Bxf6 13. Be2 Bg5 14. Ncd5
O-O 15. O-O g6 16. c3 Kh8 17. Kh1 f5 18. f4 Bh6 19. exf5 gxf5 20. Qb3 exf4 21.
Nc2 Na5 22. Qb4 Nc6 23. Qb3 Qh4 24. c4 Rf7 25. Rf3 Rg8 26. Rh3 Qg5 27. Bf3 Bg7
28. Rh5 Qg6 29. Nxf4 Qf6 30. Nxe6 Qxe6 31. Bd5 Qg6 32. Bxf7 Qxf7 33. Qh3 Bxb2
34. Rf1 Ne7 35. Ne3 Rg7 36. Nxf5 Qxc4 37. Qf3 Rf7 38. Rxh7+ Rxh7 39. Nxe7 Rxe7
40. Qf8+ Kh7 41. Qxe7+ 41... Bg7 {...} 0-1

[Event "VI Open A"]
[Site "Bergamo ITA"]
[Date "2007.07.20"]
[Round "1"]
[White "Brancaleoni, Maurizio"]
[Black "Pedemonte, Claudio"]
[Result "1-0"]
[WhiteElo "2256"]
[BlackElo "1915"]
[PlyCount "41"]
[EventDate "2007.07.20"]

1. c4 Nf6 2. Nc3 d5 3. cxd5 Nxd5 4. g3 Nb6 5. Nf3 Nc6 6. d4 e6 7. Bg2 Be7 8.
O-O O-O 9. e3 Bf6 10. Ne4 e5 11. dxe5 Bxe5 12. Qe2 f5 13. Nxe5 Nxe5 14. Nc5 c6
15. b3 Qe7 16. Ba3 Qf6 17. Nd3 Re8 18. Bb2 Nbd7 19. f4 Qh6 20. Nxe5 Nxe5 21.
Bxe5 1-0

[Event "VI Open A"]
[Site "Bergamo ITA"]
[Date "2007.07.20"]
[Round "1"]
[White "Brigati, Alessandro"]
[Black "Borboni, Paolo"]
[Result "1-0"]
[WhiteElo "2090"]
[BlackElo "1786"]
[PlyCount "57"]
[EventDate "2007.07.20"]

1. d4 Nf6 2. Nf3 d5 3. Bf4 Bg4 4. e3 Nbd7 5. Nbd2 c5 6. c3 e6 7. Bd3 Be7 8. h3
Bh5 9. O-O O-O 10. g4 c4 11. Bc2 Bg6 12. Re1 Ne4 13. Nxe4 dxe4 14. Nd2 f5 15.
Nxc4 fxg4 16. Qxg4 Bf5 17. Qg2 Nf6 18. Ne5 Bd6 19. Kh1 Qe8 20. Rg1 Nh5 21. Bxe4
Bxe4 22. Qxe4 Nxf4 23. exf4 Rf6 24. Rg3 Qh5 25. Rag1 Kh8 26. Qxb7 Rg8 27. Qg2
Rxf4 28. Rxg7 Rff8 29. Rxg8+ 1-0

[Event "VI Open A"]
[Site "Bergamo ITA"]
[Date "2007.07.20"]
[Round "1"]
[White "Brugo, Marco"]
[Black "Perrotta, Leopoldo"]
[Result "0-1"]
[WhiteElo "2142"]
[BlackElo "1875"]
[PlyCount "80"]
[EventDate "2007.07.20"]

1. d4 Nf6 2. c4 Nc6 3. Nf3 e6 4. a3 d5 5. Nc3 Be7 6. e3 O-O 7. Bd3 dxc4 8. Bxc4
Na5 9. Bd3 b6 10. b4 Nb7 11. O-O c5 12. b5 Na5 13. Bb2 cxd4 14. Nxd4 Bb7 15.
Qe2 Rc8 16. Rfd1 Qc7 17. Rac1 Qe5 18. Na2 Qg5 19. Nf3 Qg4 20. h3 Qh5 21. Ne5
Qg5 22. f4 Qh4 23. Nf3 Qg3 24. Qf2 Qxf2+ 25. Kxf2 Bc5 26. Nb4 Nd5 27. Nxd5 Bxd5
28. Nd4 f6 29. f5 Bxd4 30. Bxd4 Nb3 31. Rxc8 Rxc8 32. Bb2 Nc5 33. Bc2 Be4 34.
Bxe4 Nxe4+ 35. Kf3 Ng5+ 36. Kg4 exf5+ 37. Kg3 Rc2 38. Rd8+ Kf7 39. Rd7+ Ke6 40.
Rxg7 Rxb2 0-1

[Event "VI Open A"]
[Site "Bergamo ITA"]
[Date "2007.07.20"]
[Round "1"]
[White "Calvi, Gianluca"]
[Black "Castrogiovanni, Carlo"]
[Result "0-1"]
[WhiteElo "1885"]
[BlackElo "2086"]
[PlyCount "66"]
[EventDate "2007.07.20"]

1. d4 Nf6 2. c4 c5 3. d5 b5 4. cxb5 a6 5. Nc3 axb5 6. Nxb5 d6 7. e3 g6 8. Nf3
Bg7 9. a4 Ba6 10. Rb1 Nbd7 11. Nc3 Bxf1 12. Kxf1 O-O 13. b4 cxb4 14. Rxb4 Qa5
15. Qb3 Nc5 16. Qc4 Rfc8 17. Rb5 Qa6 18. Bd2 Nce4 19. Qb3 Nxd2+ 20. Nxd2 Ne8
21. Ne2 Qxa4 22. g3 Qa2 23. Nf3 Rc2 24. Qd3 Nc7 25. Rb3 Nxd5 26. Ne1 Rd2 27.
Qc4 e6 28. e4 Nf6 29. Nf3 Rxe2 30. Qxe2 Qxb3 31. Kg2 Ra2 32. Qe1 Ng4 33. Rf1
Ne3+ 0-1

[Event "VI Open A"]
[Site "Bergamo ITA"]
[Date "2007.07.20"]
[Round "1"]
[White "Cardani, Roberto"]
[Black "Barletta, Mauro"]
[Result "1/2-1/2"]
[WhiteElo "1932"]
[BlackElo "2257"]
[PlyCount "66"]
[EventDate "2007.07.20"]

1. e4 e5 2. Nf3 Nf6 3. Nxe5 d6 4. Nf3 Nxe4 5. d4 d5 6. Bd3 Bd6 7. O-O O-O 8. c4
c6 9. Nc3 Nxc3 10. bxc3 dxc4 11. Bxc4 Bg4 12. Qd3 Bh5 13. Bg5 Qc7 14. h3 Nd7
15. Nh4 Nb6 16. Bb3 Bf4 17. Qf5 Bxg5 18. Qxg5 Bg6 19. Nxg6 hxg6 20. Qxg6 Nd5
21. Qd3 Nf4 22. Qf3 Rae8 23. Rfe1 g6 24. Re4 Rxe4 25. Qxe4 Kg7 26. Re1 Rd8 27.
Qe7 Rd7 28. Qh4 Qd6 29. Re8 Nh5 30. Qg5 Qf4 31. Qc5 Qc1+ 32. Kh2 Qf4+ 33. Kg1
Qc1+ 1/2-1/2

[Event "VI Open A"]
[Site "Bergamo ITA"]
[Date "2007.07.20"]
[Round "1"]
[White "Ceccarini, Marco"]
[Black "Krivoshey, Sergei"]
[Result "0-1"]
[WhiteElo "2072"]
[BlackElo "2500"]
[PlyCount "72"]
[EventDate "2007.07.20"]

1. e4 d5 2. exd5 Nf6 3. Nf3 Nxd5 4. d4 Bf5 5. Bd3 Bxd3 6. Qxd3 c6 7. Nc3 e6 8.
Nxd5 cxd5 9. Bf4 Nc6 10. O-O Be7 11. Ne5 O-O 12. c3 Bd6 13. Qg3 Bxe5 14. Bxe5
f6 15. Bd6 Re8 16. Rfe1 Qb6 17. Re2 Qa6 18. Rae1 Nd8 19. Ba3 Nf7 20. f4 Qc6 21.
Qf3 Qd7 22. g4 Rac8 23. h4 a5 24. g5 f5 25. h5 g6 26. Qh3 Nh8 27. Rh2 Rc6 28.
Kg2 Rec8 29. Qf3 R8c7 30. Reh1 Qe8 31. Qe3 gxh5 32. Rxh5 Ng6 33. Kg3 Qc8 34.
Re1 b5 35. Bc5 e5 36. Kf3 Nxf4 0-1

[Event "VI Open A"]
[Site "Bergamo ITA"]
[Date "2007.07.20"]
[Round "1"]
[White "D'Ingiullo, Roberto"]
[Black "Paniga, Danilo"]
[Result "1/2-1/2"]
[WhiteElo "2134"]
[BlackElo "1802"]
[PlyCount "61"]
[EventDate "2007.07.20"]

1. e4 d6 2. Nc3 Nf6 3. g3 c6 4. Bg2 e5 5. a3 g6 6. Nge2 Bg7 7. O-O O-O 8. d3
Ne8 9. f4 f5 10. Be3 fxe4 11. Nxe4 d5 12. Nd2 exf4 13. Bc5 Nd6 14. c3 fxg3 15.
Nxg3 Rxf1+ 16. Qxf1 Nf5 17. Nxf5 Bxf5 18. Nf3 Nd7 19. Bd4 Nf8 20. Bxg7 Kxg7 21.
Nd4 Bd7 22. Re1 Qf6 23. Qe2 Re8 24. Qd2 Rxe1+ 25. Qxe1 Ne6 26. Nxe6+ Qxe6 27.
Qf2 b6 28. a4 Qf6 29. Qe3 Qe6 30. Qd4+ Qf6 31. Qe3 1/2-1/2

[Event "VI Open A"]
[Site "Bergamo ITA"]
[Date "2007.07.20"]
[Round "1"]
[White "Drazic, Sinisa"]
[Black "Astengo, Marcello"]
[Result "1-0"]
[WhiteElo "2480"]
[BlackElo "2048"]
[PlyCount "111"]
[EventDate "2007.07.20"]

1. d4 d5 2. Bg5 Nf6 3. Bxf6 exf6 4. e3 c6 5. c4 Qb6 6. Qd2 Be6 7. cxd5 Bxd5 8.
Nc3 Be6 9. Nge2 Bd6 10. g3 Nd7 11. Bg2 Rd8 12. O-O O-O 13. Rfd1 Bg4 14. a3 Bb8
15. b4 Ne5 16. Qc2 Nf3+ 17. Bxf3 Bxf3 18. Qf5 Bd5 19. Nxd5 Rxd5 20. Qf3 Rd7 21.
Nc3 Bd6 22. Rdb1 Rc8 23. Ne4 Be7 24. a4 Qd8 25. a5 Rd5 26. Nc3 Rd7 27. Rb3 g6
28. Ne4 Kg7 29. Kg2 f5 30. Nc5 Bxc5 31. bxc5 a6 32. Rab1 Qe7 33. Qf4 Rcc7 34.
h4 Qe6 35. h5 Qe4+ 36. Qxe4 fxe4 37. hxg6 hxg6 38. f3 f5 39. fxe4 fxe4 40. Rf1
Rf7 41. Rbb1 g5 42. Kh3 Rxf1 43. Rxf1 Rf7 44. Rb1 Kg6 45. Kg4 Re7 46. Rf1 Rh7
47. Rf5 Rh2 48. Rxg5+ Kf6 49. Rf5+ Kg6 50. Re5 Ra2 51. Re7 Rxa5 52. Rxb7 Kf6
53. Kf4 Ke6 54. Kxe4 Ra1 55. Rc7 a5 56. Rxc6+ 1-0

[Event "VI Open A"]
[Site "Bergamo ITA"]
[Date "2007.07.20"]
[Round "1"]
[White "Fattorelli, Luciano"]
[Black "Lazic, Miroljub"]
[Result "1/2-1/2"]
[WhiteElo "2039"]
[BlackElo "2470"]
[PlyCount "31"]
[EventDate "2007.07.20"]

1. e4 Nc6 2. Nf3 d6 3. d4 Nf6 4. Nc3 Bg4 5. Be2 e5 6. Be3 Bxf3 7. Bxf3 exd4 8.
Bxd4 Nxd4 9. Qxd4 c6 10. O-O Qb6 11. Rad1 Be7 12. Rfe1 O-O-O 13. Qc4 Rhf8 14.
Nd5 Nxd5 15. exd5 Rd7 16. dxc6 1/2-1/2

[Event "VI Open A"]
[Site "Bergamo ITA"]
[Date "2007.07.20"]
[Round "1"]
[White "Figus, Maurizio"]
[Black "Smokina, Karolina"]
[Result "1/2-1/2"]
[WhiteElo "1908"]
[BlackElo "2205"]
[PlyCount "35"]
[EventDate "2007.07.20"]

1. e4 c5 2. b4 cxb4 3. d4 d5 4. exd5 Nf6 5. Bb5+ Bd7 6. Bc4 b5 7. Bb3 a5 8. a4
bxa4 9. Bc4 Ne4 10. Bf4 Nd6 11. Bd3 Qb6 12. Nf3 Na6 13. c4 bxc3 14. Nxc3 Nb4
15. O-O Nxd3 16. Qxd3 Bf5 17. Qe2 Qa6 18. Qxa6 1/2-1/2

[Event "VI Open A"]
[Site "Bergamo ITA"]
[Date "2007.07.20"]
[Round "1"]
[White "Gaponenko, Inna"]
[Black "Ranfagni, Stefano"]
[Result "1-0"]
[WhiteElo "2458"]
[BlackElo "2031"]
[PlyCount "89"]
[EventDate "2007.07.20"]

1. e4 e6 2. d4 d5 3. Nc3 dxe4 4. Nxe4 Nd7 5. Bd3 Ngf6 6. Qe2 c5 7. Nf3 Nxe4 8.
Qxe4 Nf6 9. Qh4 Bd7 10. Ne5 cxd4 11. Qxd4 Qa5+ 12. Bd2 Qc5 13. Bc3 Qxd4 14.
Bxd4 Bd6 15. O-O-O Bxe5 16. Bxe5 Bc6 17. f3 O-O-O 18. Rhe1 h6 19. Rd2 Rhg8 20.
c4 Nd7 21. Bd4 Kb8 22. Bh7 Rh8 23. Bc2 Rhg8 24. a4 a5 25. Bf2 b6 26. b3 Nc5 27.
Rxd8+ Rxd8 28. Bxc5 bxc5 29. Re5 Kb7 30. Rxc5 Kb6 31. Re5 Rd4 32. Bb1 g5 33. h3
Ka6 34. Kc2 Kb6 35. Re1 h5 36. Kc3 Rf4 37. Be4 g4 38. hxg4 hxg4 39. Bxc6 Kxc6
40. Re4 Rxe4 41. fxe4 f5 42. exf5 exf5 43. Kd4 Kd6 44. g3 Ke6 45. c5 1-0

[Event "VI Open A"]
[Site "Bergamo ITA"]
[Date "2007.07.20"]
[Round "1"]
[White "Gardini, Enrico"]
[Black "Sgaravatti, Francesco"]
[Result "0-1"]
[WhiteElo "1884"]
[BlackElo "2169"]
[PlyCount "50"]
[EventDate "2007.07.20"]

1. e4 Nf6 2. Nc3 d5 3. e5 Nfd7 4. d4 c5 5. Nf3 Nc6 6. Bb5 e6 7. Bg5 Qb6 8. Be3
cxd4 9. Nxd4 Ncxe5 10. f4 Nc6 11. Nf5 Qa5 12. Qe2 a6 13. Bxc6 bxc6 14. O-O Bb7
15. Bd4 Bc5 16. Nxg7+ Kf8 17. Nxe6+ fxe6 18. Qxe6 Bxd4+ 19. Kh1 Nc5 20. Qf5+
Kg7 21. Rae1 Rhe8 22. Re5 Bxe5 23. fxe5 Rf8 24. Qg5+ Kh8 25. Rf6 Ne4 0-1

[Event "VI Open A"]
[Site "Bergamo ITA"]
[Date "2007.07.20"]
[Round "1"]
[White "Georgiev, Vladimir"]
[Black "Canova, Luca"]
[Result "1/2-1/2"]
[WhiteElo "2568"]
[BlackElo "2082"]
[PlyCount "102"]
[EventDate "2007.07.20"]

1. d4 d5 2. c4 c6 3. Nf3 Nf6 4. Qc2 e6 5. Bg5 Be7 6. e3 Ne4 7. Bxe7 Qxe7 8. Nc3
Nd7 9. Nxe4 dxe4 10. Qxe4 Qb4+ 11. Nd2 Qxb2 12. Rb1 Qa3 13. c5 O-O 14. Qc2 Qa5
15. Bd3 h6 16. O-O e5 17. Nc4 Qc7 18. Nd6 exd4 19. exd4 b5 20. Bh7+ Kh8 21. Bf5
Nb6 22. Be4 Bd7 23. Rfe1 Rab8 24. Bf3 Nc8 25. Ne4 Be6 26. Re3 Rd8 27. Rbe1 Qd7
28. h3 Ne7 29. Nd6 Nf5 30. Nxf5 Bxf5 31. Be4 Be6 32. Ra3 Qxd4 33. Rxa7 Bc4 34.
Bf3 Qxc5 35. Rxf7 Rd2 36. Qxd2 Bxf7 37. Be4 Qa3 38. Bb1 Bg8 39. Re3 Qf8 40. Rf3
Qe7 41. Re3 Qf6 42. Rg3 Bh7 43. Bxh7 Kxh7 44. Qc2+ Kh8 45. Rg6 Qa1+ 46. Kh2
Qe5+ 47. g3 c5 48. Rc6 c4 49. Qd2 Qe4 50. Qd6 Ra8 51. Rc7 Qf3 1/2-1/2

[Event "VI Open A"]
[Site "Bergamo ITA"]
[Date "2007.07.20"]
[Round "1"]
[White "Gerali, Paolo"]
[Black "Contin, Daniel"]
[Result "1/2-1/2"]
[WhiteElo "1962"]
[BlackElo "2311"]
[PlyCount "35"]
[EventDate "2007.07.20"]

1. d4 Nf6 2. c4 e6 3. Nf3 b6 4. g3 Ba6 5. b3 Bb4+ 6. Bd2 Be7 7. Bg2 d5 8. O-O
c6 9. Ne5 Nfd7 10. Nxd7 Qxd7 11. Qc2 dxc4 12. bxc4 Qxd4 13. Bc3 Qxc4 14. Nd2
Qc5 15. Nb3 Qc4 16. Nd2 Qc5 17. Nb3 Qc4 18. Nd2 1/2-1/2

[Event "VI Open A"]
[Site "Bergamo ITA"]
[Date "2007.07.20"]
[Round "1"]
[White "Gilardi, Davide"]
[Black "Annoni, Riccardo"]
[Result "1-0"]
[WhiteElo "1790"]
[BlackElo "2080"]
[PlyCount "55"]
[EventDate "2007.07.20"]

1. d4 d5 2. c4 dxc4 3. Nf3 a6 4. Nc3 b5 5. e4 Bb7 6. Be2 e6 7. Bg5 Be7 8. Bxe7
Qxe7 9. a3 Nf6 10. e5 Nd5 11. a4 Nxc3 12. bxc3 O-O 13. Qb1 c6 14. h4 h6 15. g4
g6 16. h5 g5 17. Rh2 Nd7 18. Nd2 Nb6 19. Ne4 Kg7 20. f4 Nxa4 21. fxg5 Rh8 22.
gxh6+ Kf8 23. Rf2 Rxh6 24. Nd6 f6 25. Nxb7 Nxc3 26. Qc1 Kg7 27. Qxc3 Qxb7 28.
exf6+ 1-0

[Event "VI Open A"]
[Site "Bergamo ITA"]
[Date "2007.07.20"]
[Round "1"]
[White "Giretti Kanev, Jasen"]
[Black "Franzini, Stefano"]
[Result "1-0"]
[WhiteElo "2181"]
[BlackElo "1905"]
[PlyCount "59"]
[EventDate "2007.07.20"]

1. e4 c5 2. Nf3 Nc6 3. g3 g6 4. Bg2 Bg7 5. O-O d6 6. c3 e5 7. d3 Nge7 8. Be3
O-O 9. d4 cxd4 10. cxd4 Bg4 11. d5 Nb8 12. Qb3 b6 13. Nbd2 Nd7 14. Qa3 Nc5 15.
b4 Nb7 16. Rfc1 f5 17. h3 Bxf3 18. Nxf3 h6 19. Rc2 a5 20. Rb1 axb4 21. Qxb4 Nc5
22. exf5 Nxf5 23. Qxb6 Qxb6 24. Rxb6 Nxe3 25. fxe3 Ne4 26. Kh2 Rf6 27. Nh4 Nc5
28. Nf3 Ra3 29. Nxe5 h5 30. Nc4 1-0

[Event "VI Open A"]
[Site "Bergamo ITA"]
[Date "2007.07.20"]
[Round "1"]
[White "Leoni, Livio"]
[Black "Bozzali, Ermanno"]
[Result "1-0"]
[WhiteElo "1820"]
[BlackElo "2116"]
[PlyCount "61"]
[EventDate "2007.07.20"]

1. e4 Nc6 2. d4 d5 3. Nc3 dxe4 4. d5 Ne5 5. Bf4 Ng6 6. Bg3 a6 7. Qd4 Bf5 8.
O-O-O Nf6 9. h4 h5 10. f3 exf3 11. Nxf3 Bg4 12. Qe3 Nd7 13. Bc4 Bxf3 14. gxf3
f6 15. f4 Rh6 16. Bd3 Nh8 17. Bf5 g6 18. Be6 f5 19. d6 exd6 20. Rhe1 Be7 21.
Bxd7+ Qxd7 22. Nd5 Kf8 23. Qxe7+ Qxe7 24. Nxe7 Rh7 25. Nd5 c6 26. Nc3 Rd7 27.
Bf2 Nf7 28. Bd4 b5 29. Bf6 d5 30. Re6 Nd6 31. Be5 1-0

[Event "VI Open A"]
[Site "Bergamo ITA"]
[Date "2007.07.20"]
[Round "1"]
[White "Maccarini, Luca Nicola"]
[Black "Andreoli, Renato"]
[Result "1/2-1/2"]
[WhiteElo "1872"]
[BlackElo "2145"]
[PlyCount "89"]
[EventDate "2007.07.20"]

1. d4 Nf6 2. Nf3 e6 3. c4 b6 4. Nc3 Bb7 5. Bg5 Be7 6. e3 h6 7. Bxf6 Bxf6 8. Bd3
c5 9. O-O O-O 10. Bc2 cxd4 11. Qd3 Re8 12. exd4 Bxf3 13. Qxf3 Nc6 14. Nb5 Nxd4
15. Nxd4 Bxd4 16. Rad1 Bxb2 17. Ba4 Qf6 18. Qxf6 Bxf6 19. Rxd7 Red8 20. Rfd1
Rxd7 21. Rxd7 Rd8 22. Kf1 Rxd7 23. Bxd7 Kf8 24. Ke2 Ke7 25. Bc6 Bd4 26. f3 Kd6
27. Be8 f6 28. Bf7 Ke7 29. Bg8 h5 30. Kd3 Be5 31. h3 h4 32. Ke4 Bd6 33. Kd4
Bc5+ 34. Ke4 Bb4 35. Kd4 Kd6 36. Bf7 g5 37. Ke4 Ke7 38. Bg8 Bc5 39. Kd3 f5 40.
Ke2 Kf6 41. Kd3 Be7 42. Ke2 Ke5 43. Kd3 Kd6 44. Ke2 e5 45. Kd3 1/2-1/2

[Event "VI Open A"]
[Site "Bergamo ITA"]
[Date "2007.07.20"]
[Round "1"]
[White "Muraro, Alberto"]
[Black "Meijers, Viesturs"]
[Result "0-1"]
[WhiteElo "2042"]
[BlackElo "2483"]
[PlyCount "72"]
[EventDate "2007.07.20"]

1. e4 c5 2. Nf3 e6 3. d4 cxd4 4. Nxd4 a6 5. g3 b5 6. Bg2 Bb7 7. O-O h5 8. e5
Bxg2 9. Kxg2 d5 10. exd6 Bxd6 11. Qf3 Ra7 12. Nc3 Ne7 13. Bg5 Rd7 14. Rae1 b4
15. Nd5 O-O 16. Qxh5 exd5 17. Nf5 Nxf5 18. Bxd8 g6 19. Qg4 Rdxd8 20. h4 Nd7 21.
h5 Nf6 22. Qg5 Nxh5 23. Rh1 Nfg7 24. f4 Rc8 25. Re2 Rfe8 26. Rf2 Bc5 27. Rd2
Re3 28. Qxd5 Rxg3+ 29. Kh2 Be3 30. Qd7 Rc5 31. Qd8+ Kh7 32. Rg2 Bxf4 33. Rxg3
Bxg3+ 34. Kh3 Rxc2 35. Kg4 Rf2 36. Rg1 f5+ 0-1

[Event "VI Open A"]
[Site "Bergamo ITA"]
[Date "2007.07.20"]
[Round "1"]
[White "Peric, Slavisa"]
[Black "Sala, Giovanni"]
[Result "1-0"]
[WhiteElo "2266"]
[BlackElo "1935"]
[PlyCount "31"]
[EventDate "2007.07.20"]

1. d4 f5 2. Nc3 e6 3. e4 fxe4 4. Nxe4 Nf6 5. Bd3 Be7 6. Nf3 Nc6 7. c3 O-O 8.
Qe2 b6 9. Nfg5 g6 10. Nxf6+ Bxf6 11. Nxh7 Kxh7 12. Qh5+ Kg8 13. Qxg6+ Bg7 14.
Bg5 Ne7 15. Qh7+ Kf7 16. Qh5+ 1-0